|
|
|
|
| LEADER |
00734nab a2200217 i 4500 |
| 001 |
publ32245 |
| 005 |
20250401104423.0 |
| 008 |
250401s1992 hu o 000 eng d |
| 022 |
|
|
|a 0956-6309
|
| 024 |
7 |
|
|a 1030721
|2 mtmt
|
| 040 |
|
|
|a SZTE Publicatio Repozitórium
|b hun
|
| 041 |
|
|
|a eng
|
| 100 |
2 |
|
|a Jancsó Gáborné Katona Márta
|
| 245 |
1 |
0 |
|a Regression of left ventricular hyperthropy and erythropoietin treatment
|h [elektronikus dokumentum] /
|c Jancsó Gáborné Katona Márta
|
| 260 |
|
|
|c 1992
|
| 300 |
|
|
|a 39-45
|
| 490 |
0 |
|
|a ERYTHROPOIESIS
|v 3
|
| 650 |
|
4 |
|a Klinikai orvostan
|
| 700 |
0 |
1 |
|a Túri Sándor
|e aut
|
| 700 |
0 |
1 |
|a Bodrogi T
|e aut
|
| 856 |
4 |
0 |
|u http://publicatio.bibl.u-szeged.hu/32245/1/aok_klny_414_92.pdf
|z Dokumentum-elérés
|